| 000 | 00711nam a2200229Ia 4500 | ||
|---|---|---|---|
| 008 | 191130s2002##################000#0#eng## | ||
| 020 | _a9783110172270 | ||
| 022 | _a2002070066 | ||
| 040 |
_aACL _cACL |
||
| 082 | _a780.14 TAR | ||
| 100 | _aTarasti, Eero | ||
| 245 |
_aSigns of music : a guide to musical semiotics _cby Eero Tarasti |
||
| 260 |
_aBerlin _bMouton de Gruyter _c2002 |
||
| 300 | _aviii, 224 p. : ill. ; 24 cm | ||
| 500 | _aIncludes bibliographical references (p. [201]-217) and index | ||
| 650 | _aMusic - Philosophy and aesthetics | ||
| 650 | _aMusic - Semiotics | ||
| 650 | _aSymbolism in music | ||
| 990 | _aa682e11fac10000c1707f9a997b884e3 | ||
| 991 | _a341359 | ||
| 999 |
_c289464 _d289464 |
||